Catálogo

ANTONIO ORTIZ MENA : (Registro nro. 18184)

Detalles MARC
000 -LEADER
fixed length control field 00535nam a2200169 a 4500
001 - CONTROL NUMBER
control field 18184
005 - DATE AND TIME OF LATEST TRANSACTION
control field 20180713211431.0
008 - FIXED-LENGTH DATA ELEMENTS--GENERAL INFORMATION
fixed length control field 140415s1994 mx 000 0 spa d
041 ## - LANGUAGE CODE
Language code of text/sound track or separate title spa
082 ## - DEWEY DECIMAL CLASSIFICATION NUMBER
Classification number 332.024009
Item number BAN
100 1# - MAIN ENTRY--PERSONAL NAME
Personal name BANCO INTERAMERICANO DE DESARROLLO
245 10 - TITLE STATEMENT
Title ANTONIO ORTIZ MENA :
Remainder of title PENSAMIENTO Y ACCION AL FRENTE DEL BANCO INTERAMERICANO DE DESARROLLO, 1971-1978
250 ## - EDITION STATEMENT
Edition statement 1a ed.
260 ## - PUBLICATION, DISTRIBUTION, ETC.
Place of publication, distribution, etc. MEXICO :
Name of publisher, distributor, etc. BANCO INTERAMERICANO DE DESARROLLO,
Date of publication, distribution, etc. 1994
300 ## - PHYSICAL DESCRIPTION
Extent 133
650 14 - SUBJECT ADDED ENTRY--TOPICAL TERM
Topical term or geographic name entry element BANQUEROS
Existencias
Withdrawn status Lost status Source of classification or shelving scheme Damaged status Not for loan Collection code Home library Current library Shelving location Date acquired Source of acquisition Inventory number Total Checkouts Full call number Barcode Date last seen Price effective from Koha item type
    Dewey Decimal Classification     General Biblioteca Karol Wojtyla Biblioteca Karol Wojtyla Sala general 03/12/2013 Compra 151000000000000000049183   332.024009 BAN 37304 05/01/2026 03/12/2013 Libro